| 000 | nam a22 7a 4500 | ||
|---|---|---|---|
| 999 |
_c49128 _d49128 |
||
| 003 | OSt | ||
| 005 | 20190928110126.0 | ||
| 008 | 190928b xxu||||| |||| 00| 0 eng d | ||
| 040 | _csero soft | ||
| 100 | _aSrivastava,R.D | ||
| 245 | _aThe Law of Pleading ,Drafting and Conveyancing | ||
| 260 |
_aAllahabad _bCentral Law Agency |
||
| 300 | _a172 | ||
| 942 |
_2ddc _c02 |
||